[Event "41st Olympiad Women 2014"]
[Site "Tromso NOR"]
[Date "2014.08.11"]
[Round "9.23"]
[Board "1"]
[White "Ostry, Irina"]
[Black "Berezina, Irina"]
[Result "1-0"]
[WhiteTitle "WIM"]
[BlackTitle "IM"]
[WhiteElo "2177"]
[BlackElo "2182"]
[WhiteTeam "Kyrgyzstan"]
[BlackTeam "Australia"]
[WhiteFideId "13800060"]
[BlackFideId "3201937"]
[EventDate "2014.08.02"]

1. Nf3 Nf6 2. g3 g6 3. b4 Bg7 4. Bb2 d6 5. Bg2 O-O 6. O-O e5 7. d3 Nc6 8. b5 Ne7
9. Nbd2 h6 10. a4 c6 11. bxc6 bxc6 12. Nc4 Be6 13. Nfd2 Ne8 14. Rb1 Qc7 15. Bc3
f5 16. Qc1 g5 17. Qa3 Bc8 18. Bb4 Rf6 19. a5 Re6 20. a6 Bf8 21. Qa4 Nf6 22. Ba5
Qd7 23. Bc3 Nfd5 24. Ba1 Nc7 25. e4 f4 26. Bh3 Nxa6 27. d4 exd4 28. Bxd4 Nc7 29.
e5 d5 30. Nd6 Rxd6 31. Bxd7 Rxd7 32. Bc5 Nb5 33. Qb3 Rb7 34. Bxe7 Bxe7 35. Qd3
Kg7 36. c4 dxc4 37. Nxc4 Bh3 38. Rfe1 Rd7 39. Nd6 Rf8 40. Rbc1 fxg3 41. hxg3
Nxd6 42. exd6 Bxd6 43. Rxc6 Rf6 44. Qd4 Kg6 45. Qc4 Rdf7 46. Rd1 Be5 47. Rxf6+
Bxf6 48. g4 Kg7 49. Rd3 1-0

[Event "41st Olympiad Women 2014"]
[Site "Tromso NOR"]
[Date "2014.08.11"]
[Round "9.23"]
[Board "2"]
[White "Nguyen, Thu Giang"]
[Black "Alymbay, Kyzy Aizhan"]
[Result "1/2-1/2"]
[WhiteTitle "WFM"]
[WhiteElo "2165"]
[BlackElo "1859"]
[WhiteTeam "Australia"]
[BlackTeam "Kyrgyzstan"]
[WhiteFideId "12400980"]
[BlackFideId "13800043"]
[EventDate "2014.08.02"]

1. e4 c6 2. d4 d5 3. Nc3 dxe4 4. Nxe4 Bf5 5. Ng3 Bg6 6. h4 h6 7. Nf3 Nd7 8. h5
Bh7 9. Bd3 Bxd3 10. Qxd3 e6 11. Bd2 Ngf6 12. O-O-O Be7 13. Qe2 c5 14. dxc5 Qc7
15. c6 Qxc6 16. Nd4 Qa4 17. c3 Qxa2 18. Ngf5 exf5 19. Rhe1 O-O 20. Qxe7 Qa1+ 21.
Kc2 Qa4+ 22. Kb1 Rfe8 23. Qd6 Ne4 24. Qf4 Ndc5 25. Be3 Rad8 26. Qxf5 Rd6 27. f3
Rf6 28. Qd5 Nxc3+ 29. bxc3 Rb6+ 30. Kc1 Qa3+ 31. Kd2 Rb2+ 32. Nc2 Qa4 33. Qf5
Re5 34. Qc8+ Kh7 35. Rc1 Nb3+ 36. Kd3 Nxc1+ 37. Rxc1 Qa6+ 38. Kd2 Rd5+ 39. Bd4
Qd6 40. Qg4 Rg5 41. Qe4+ f5 42. Qe2 Rxh5 43. Re1 Rg5 44. Kc1 Ra2 45. Qc4 Qa6 46.
Qxa6 Rxa6 47. Re2 Ra5 48. Kb2 Rb5+ 49. Kc1 a5 50. Kd2 a4 1/2-1/2

[Event "41st Olympiad Women 2014"]
[Site "Tromso NOR"]
[Date "2014.08.11"]
[Round "9.23"]
[Board "3"]
[White "Shyngys Kyzy, Aijarkyn"]
[Black "Guo, Emma"]
[Result "0-1"]
[BlackTitle "WIM"]
[WhiteElo "1800"]
[BlackElo "2044"]
[WhiteTeam "Kyrgyzstan"]
[BlackTeam "Australia"]
[WhiteFideId "13800531"]
[BlackFideId "3200795"]
[EventDate "2014.08.02"]

1. e4 e5 2. Nf3 Nc6 3. d4 exd4 4. Nxd4 Nf6 5. Nxc6 bxc6 6. Bd3 Bc5 7. O-O O-O 8.
Bg5 h6 9. Bh4 Re8 10. Nc3 Rb8 11. Qf3 Bd4 12. Bc4 Qe7 13. Rfe1 Rb4 14. b3 d5 15.
Bf1 g5 16. e5 Ne4 17. Bg3 Bxc3 18. Rxe4 Bxa1 19. Re1 Bb2 20. c3 Re4 21. Rb1 Ba3
22. Qh5 Kg7 23. h3 Bf5 24. Bd3 Rxe5 25. Bxe5+ Qxe5 26. Qd1 Bd6 27. g3 Bxh3 28.
Qf3 Re6 29. Rd1 Rf6 30. Qh5 Bf5 31. Qf3 Bxd3 32. Qxd3 Bc5 33. Rf1 g4 34. Kg2 Rf3
35. Qd2 Qxc3 36. Qe2 Qf6 37. Qd2 Rxf2+ 38. Rxf2 Qxf2+ 39. Qxf2 Bxf2 40. Kxf2 Kf6
41. Ke3 Ke5 42. b4 d4+ 43. Kd3 h5 44. a4 h4 45. gxh4 g3 46. h5 g2 47. h6 g1=Q
48. h7 Qg6+ 49. Kc4 Qc2# 0-1

[Event "41st Olympiad Women 2014"]
[Site "Tromso NOR"]
[Date "2014.08.11"]
[Round "9.23"]
[Board "4"]
[White "Yu, Sally"]
[Black "Omurbekova, Diana"]
[Result "0-1"]
[WhiteElo "1953"]
[BlackElo "1707"]
[WhiteTeam "Australia"]
[BlackTeam "Kyrgyzstan"]
[WhiteFideId "3206718"]
[BlackFideId "13800752"]
[EventDate "2014.08.02"]

1. e4 d6 2. d4 Nf6 3. Nc3 g6 4. Be3 c6 5. f3 b5 6. Qd2 Nbd7 7. g4 Nb6 8. h4 h5
9. g5 Nfd7 10. d5 Ne5 11. Bxb6 Qxb6 12. dxc6 a6 13. O-O-O Be6 14. Nd5 Qxc6 15.
Rh2 Bg7 16. Qa5 Bxd5 17. exd5 Qc5 18. Kb1 O-O 19. Be2 Rfc8 20. Qd2 a5 21. f4 Nd7
22. Rh3 Nb6 23. Rc1 b4 24. Rb3 Ra7 25. Bd3 Nxd5 26. a3 Bd4 27. Be4 Nb6 28. Ne2
Bg7 29. axb4 Nc4 30. Qe1 axb4 31. c3 Qe3 32. Ng3 Qxe1 33. Rxe1 Nd2+ 34. Kc2 Nxb3
35. Kxb3 bxc3 36. Ne2 cxb2 37. Rb1 Rb8+ 38. Kc2 Rc7+ 39. Kd2 Rb4 40. Bd3 Ra4 41.
Bc2 Ra3 42. Bd3 d5 43. Rf1 e6 44. Rb1 Kf8 45. Rd1 Ke7 46. Rh1 Kd6 47. Re1 Bc3+
48. Nxc3 Rcxc3 49. Bc2 Rh3 50. Rb1 Rh2+ 51. Kd1 Rg3 0-1

[Event "41st Olympiad Women 2014"]
[Site "Tromso NOR"]
[Date "2014.08.11"]
[Round "9.24"]
[Board "2"]
[White "Zaksaite, Salomeja"]
[Black "Smith, Olivia"]
[Result "1-0"]
[WhiteTitle "WIM"]
[BlackTitle "WFM"]
[WhiteElo "2170"]
[BlackElo "1968"]
[WhiteTeam "Lithuania"]
[BlackTeam "Wales"]
[WhiteFideId "12801496"]
[BlackFideId "411850"]
[EventDate "2014.08.02"]

1. e4 e5 2. Bc4 Nf6 3. d3 Bc5 4. Nf3 Nc6 5. c3 d6 6. Nbd2 a6 7. Bb3 Ba7 8. h3
O-O 9. O-O h6 10. Re1 Nh5 11. Nf1 Qf6 12. Ne3 Nf4 13. Nd5 Nxd5 14. exd5 Ne7 15.
d4 exd4 16. Nxd4 Ng6 17. Be3 Bd7 18. a4 Rfe8 19. a5 Nh4 20. Kh1 Qg6 21. Rg1 Bxh3
22. gxh3 Qe4+ 23. Kh2 Bxd4 24. cxd4 Nf3+ 25. Kh1 Nh4+ 26. Kh2 Nf3+ 27. Kg2 Nxg1+
28. Kxg1 Rab8 29. Bc2 Qh4 30. Qf3 b6 31. axb6 Rxb6 32. b3 g6 33. Kh2 Kg7 34. Rg1
Qe7 35. Qf4 Rh8 36. h4 Rb5 37. Be4 Rxb3 38. h5 g5 39. Bc2 Rb2 40. Qf5 Qf6 41.
Qe4 Kf8 42. Rg3 Rb8 43. Rf3 Qe7 44. Qd3 a5 45. Qd2 Ke8 46. Qxa5 g4 47. Rf4 g3+
48. fxg3 Rb2 49. Qc3 1-0

[Event "41st Olympiad Women 2014"]
[Site "Tromso NOR"]
[Date "2014.08.11"]
[Round "9.24"]
[Board "3"]
[White "Blackburn, Suzie G."]
[Black "Domarkaite, Laima"]
[Result "0-1"]
[WhiteTitle "WFM"]
[BlackTitle "WFM"]
[WhiteElo "1971"]
[BlackElo "2160"]
[WhiteTeam "Wales"]
[BlackTeam "Lithuania"]
[WhiteFideId "414930"]
[BlackFideId "12800341"]
[EventDate "2014.08.02"]

1. c4 Nf6 2. Nc3 c5 3. Nf3 e6 4. e4 d6 5. d4 cxd4 6. Nxd4 a6 7. Be2 Be7 8. Be3
Qc7 9. O-O Nbd7 10. Rc1 b6 11. f4 Bb7 12. f5 e5 13. Nd5 Qd8 14. Nb3 Bxd5 15.
exd5 O-O 16. Nd2 h6 17. Rf3 Re8 18. Rg3 Kf8 19. Qe1 Nh7 20. Rf3 Bh4 21. g3 Bg5
22. Ne4 Bxe3+ 23. Rxe3 Nc5 24. Nxc5 bxc5 25. Bd1 Qd7 26. Qf2 Reb8 27. Rcc3 Nf6
28. Ra3 Rb4 29. Qc2 e4 30. g4 Qb7 31. Reb3 a5 32. Kg2 Qa6 33. Be2 Rab8 34. h4
Re8 35. Re3 Qb6 36. Rab3 a4 37. Rxb4 cxb4 38. Qd2 Nd7 39. Bd1 Nc5 40. b3 axb3
41. Bxb3 Re5 42. Qd4 Qd8 43. Kg3 h5 44. Bd1 hxg4 45. Bxg4 Qf6 46. Qd2 Qh6 47.
Qe2 g6 48. fxg6 Qxg6 49. Kh2 Qh6 50. Kg3 f5 51. Qf2 Nd3 52. Rxd3 exd3 53. Bxf5
Qe3+ 54. Qxe3 Rxe3+ 55. Kf2 d2 0-1

[Event "41st Olympiad Women 2014"]
[Site "Tromso NOR"]
[Date "2014.08.11"]
[Round "9.24"]
[Board "4"]
[White "Vanagaite, Giedre"]
[Black "Wang, Alyssa"]
[Result "1-0"]
[WhiteElo "2032"]
[BlackElo "1610"]
[WhiteTeam "Lithuania"]
[BlackTeam "Wales"]
[WhiteFideId "12800546"]
[BlackFideId "1802267"]
[EventDate "2014.08.02"]

1. e4 c6 2. Nc3 d5 3. Nf3 Bg4 4. h3 Bh5 5. exd5 cxd5 6. Bb5+ Nc6 7. g4 Bg6 8.
Ne5 Rc8 9. d4 e6 10. h4 f6 11. Nxg6 hxg6 12. Qd3 Kf7 13. Be3 a6 14. Bxc6 Rxc6
15. O-O-O Qa5 16. Kb1 Bb4 17. Ne2 Ne7 18. f4 Rhc8 19. c3 Bd6 20. h5 b5 21. hxg6+
Nxg6 22. f5 Ne7 23. fxe6+ Kxe6 24. Rh7 Rg8 25. Nf4+ Bxf4 26. Bxf4 Kd7 27. g5 Qb6
28. gxf6 Rxf6 29. Bg5 Re6 30. Qf3 Rg6 31. Bxe7 Kxe7 32. Qxd5 Qe6 33. Qb7+ Qd7
34. Re1+ Kd8 35. Qa8+ 1-0

[Event "41st Olympiad Women 2014"]
[Site "Tromso NOR"]
[Date "2014.08.11"]
[Round "9.25"]
[Board "1"]
[White "Mouradian, Knarik"]
[Black "Yuan, Yuanling"]
[Result "1/2-1/2"]
[WhiteTitle "WIM"]
[BlackTitle "WIM"]
[WhiteElo "2188"]
[BlackElo "2241"]
[WhiteTeam "Lebanon"]
[BlackTeam "Canada"]
[WhiteFideId "5300517"]
[BlackFideId "8604541"]
[EventDate "2014.08.02"]

1. e4 c5 2. c3 d5 3. exd5 Qxd5 4. d4 Nf6 5. Nf3 Bg4 6. Nbd2 cxd4 7. cxd4 e6 8.
Bc4 Qa5 9. Qb3 Qc7 10. Ne5 Nc6 11. Bb5 Bf5 12. O-O Bd6 13. Ndc4 O-O 14. Bxc6
bxc6 15. Nxd6 Qxd6 16. Qc4 Rac8 17. b4 Rfd8 18. Be3 Nd7 19. Nxd7 Rxd7 20. Rac1
Be4 21. Qc5 Bd5 22. Qxd6 Rxd6 23. a3 Rd7 24. Rc5 Rb7 25. h3 Kf8 26. Rfc1 Rd8 27.
Ra5 Ke7 28. Rac5 Kd7 29. Bg5 Rc8 30. Bf4 Rb5 1/2-1/2

[Event "41st Olympiad Women 2014"]
[Site "Tromso NOR"]
[Date "2014.08.11"]
[Round "9.25"]
[Board "2"]
[White "Botez, Alexandra"]
[Black "Nekrasova, Elena"]
[Result "1/2-1/2"]
[WhiteTitle "WFM"]
[BlackTitle "WFM"]
[WhiteElo "2089"]
[BlackElo "2076"]
[WhiteTeam "Canada"]
[BlackTeam "Lebanon"]
[WhiteFideId "2603365"]
[BlackFideId "14100908"]
[EventDate "2014.08.02"]

1. d4 d5 2. Nf3 Nf6 3. c4 dxc4 4. e3 e6 5. Bxc4 a6 6. a4 c5 7. O-O Nc6 8. Qe2
cxd4 9. Rd1 Be7 10. exd4 O-O 11. Nc3 Nb4 12. Ne5 Bd7 13. Bf4 Bc6 14. Nxc6 bxc6
15. Rac1 Nfd5 16. Be5 Re8 17. Ne4 a5 18. Nc5 Ra7 19. Ra1 Bf8 20. Ra3 f6 21. Bg3
e5 22. Re3 Bxc5 23. dxc5 Qe7 24. Rc3 Kh8 25. Rcc1 Rd7 26. h3 Red8 27. Qg4 Nc7
28. Rxd7 Rxd7 29. Rd1 Rxd1+ 30. Qxd1 Ncd5 31. Qg4 g5 1/2-1/2

[Event "41st Olympiad Women 2014"]
[Site "Tromso NOR"]
[Date "2014.08.11"]
[Round "9.25"]
[Board "3"]
[White "Jalloul, Maya M."]
[Black "Zhou, Qiyu"]
[Result "0-1"]
[WhiteTitle "WFM"]
[BlackTitle "WCM"]
[WhiteElo "1922"]
[BlackElo "2109"]
[WhiteTeam "Lebanon"]
[BlackTeam "Canada"]
[WhiteFideId "5300800"]
[BlackFideId "505161"]
[EventDate "2014.08.02"]

1. c4 e5 2. Nc3 Nc6 3. g3 Bc5 4. Bg2 a6 5. e3 d6 6. Nge2 Nge7 7. O-O h5 8. d4
exd4 9. exd4 Ba7 10. h3 Nf5 11. Re1 O-O 12. d5 Ne5 13. b3 Qf6 14. Bf4 h4 15. Ne4
Qg6 16. Kh2 Nh6 17. Nd4 f5 18. Ng5 Qf6 19. Nde6 Bxe6 20. Nxe6 Bxf2 21. Nxf8
hxg3+ 22. Kh1 Rxf8 23. Rf1 g5 24. Bxe5 dxe5 25. Qf3 g4 26. Qe2 f4 0-1

[Event "41st Olympiad Women 2014"]
[Site "Tromso NOR"]
[Date "2014.08.11"]
[Round "9.25"]
[Board "4"]
[White "Starr, Nava"]
[Black "Makhlouf, Youmna"]
[Result "1/2-1/2"]
[WhiteTitle "WIM"]
[BlackTitle "WFM"]
[WhiteElo "2145"]
[BlackElo "1874"]
[WhiteTeam "Canada"]
[BlackTeam "Lebanon"]
[WhiteFideId "2600838"]
[BlackFideId "5300819"]
[EventDate "2014.08.02"]

1. e4 e6 2. b3 d5 3. Bb2 dxe4 4. Nc3 Nf6 5. Qe2 Be7 6. Nxe4 O-O 7. Nf3 b6 8.
O-O-O a5 9. a4 Ba6 10. Nxf6+ Bxf6 11. Qe4 Nd7 12. d4 Bxf1 13. Rhxf1 b5 14. axb5
a4 15. Rd3 axb3 16. Rxb3 Nb6 17. Ne5 Ra4 18. Ra3 Qd6 19. Rb3 Rfa8 20. Kb1 Be7
21. Qc6 Qd8 22. Qf3 Qf8 23. Rd1 f6 24. Nc6 Bd6 25. Rdd3 Nc4 26. Bc3 Na3+ 27. Kc1
Nc4 28. Kb1 Na3+ 29. Kc1 Nc4 30. Rb1 Na3 1/2-1/2

[Event "41st Olympiad Women 2014"]
[Site "Tromso NOR"]
[Date "2014.08.11"]
[Round "9.26"]
[Board "1"]
[White "Reizniece-Ozola, Dana"]
[Black "Mona, Khaled"]
[Result "1/2-1/2"]
[WhiteTitle "WGM"]
[BlackTitle "WGM"]
[WhiteElo "2278"]
[BlackElo "2169"]
[WhiteTeam "Latvia"]
[BlackTeam "Egypt"]
[WhiteFideId "11601124"]
[BlackFideId "10605908"]
[EventDate "2014.08.02"]

1. c4 Nf6 2. Nc3 g6 3. g3 Bg7 4. Bg2 d6 5. Nf3 O-O 6. O-O e5 7. d4 Nc6 8. d5 Ne7
9. e4 Nd7 10. Ne1 f5 11. Nd3 h6 12. f4 exf4 13. Nxf4 Ne5 14. Qe2 fxe4 15. Nxe4
Bg4 16. Qc2 g5 17. h3 gxf4 18. hxg4 fxg3 19. Nxg3 Rxf1+ 20. Bxf1 N7g6 21. Nf5
Nh4 22. Be2 Nxf5 23. Qxf5 Qh4 24. Qf2 Qe7 25. Bd2 Rf8 26. Qe3 Qh4 27. Be1 Qf6
28. Bc3 Qg6 29. Bxe5 Bxe5 30. Rf1 Re8 31. Qd3 Qg5 32. Qf3 Qg7 33. Bd3 Qe7 34.
Qf5 Rf8 35. Qg6+ Qg7 36. Rxf8+ Kxf8 37. Qf5+ Qf7 38. b3 Qxf5 39. Bxf5 Kf7 40.
Kf2 Kf6 41. Bc8 b6 42. Ke3 Kg5 1/2-1/2

[Event "41st Olympiad Women 2014"]
[Site "Tromso NOR"]
[Date "2014.08.11"]
[Round "9.26"]
[Board "2"]
[White "Wafa, Shrook"]
[Black "Rogule, Laura"]
[Result "0-1"]
[WhiteTitle "WGM"]
[BlackTitle "WGM"]
[WhiteElo "2065"]
[BlackElo "2347"]
[WhiteTeam "Egypt"]
[BlackTeam "Latvia"]
[WhiteFideId "10609970"]
[BlackFideId "11601876"]
[EventDate "2014.08.02"]

1. e4 c5 2. Nc3 Nc6 3. g3 g6 4. Bg2 Bg7 5. d3 e6 6. Be3 d6 7. Qd2 Nge7 8. Nge2
Nd4 9. Nd1 Rb8 10. c3 Nxe2 11. Qxe2 Nc6 12. O-O O-O 13. f4 b5 14. g4 b4 15. f5
bxc3 16. bxc3 Rb6 17. Rc1 Ne5 18. Nf2 exf5 19. gxf5 Qh4 20. Nh3 Qg4 21. Qd2 gxf5
22. Kh1 fxe4 23. Nf2 Qh5 24. Nxe4 Ng4 25. Bf3 f5 26. Bxg4 Qxg4 27. Rf4 Qh5 28.
Ng3 Bb7+ 29. Kg1 Qg6 30. Kf2 Kh8 31. Rg1 Qh6 32. h4 Qe6 33. d4 Ra6 34. d5 Bxd5
35. a4 Rb6 36. Ne2 Be5 37. a5 Rb7 38. Ra4 Bb3 39. Nf4 Qf6 40. Raa1 Qxh4+ 41. Kf3
Bf7 42. Rh1 Qg4+ 43. Kf2 Bxf4 44. Bxf4 Rb2 45. Qxb2 Qxf4+ 46. Ke1 Re8+ 47. Qe2
Rxe2+ 48. Kxe2 Bc4+ 49. Kd1 Qf3+ 50. Kd2 Qe2+ 51. Kc1 0-1

[Event "41st Olympiad Women 2014"]
[Site "Tromso NOR"]
[Date "2014.08.11"]
[Round "9.26"]
[Board "3"]
[White "Berzina, Ilze"]
[Black "Moaataz, Ayah"]
[Result "1-0"]
[WhiteTitle "WGM"]
[BlackTitle "WIM"]
[WhiteElo "2247"]
[BlackElo "1954"]
[WhiteTeam "Latvia"]
[BlackTeam "Egypt"]
[WhiteFideId "11601345"]
[BlackFideId "10615873"]
[EventDate "2014.08.02"]

1. e4 c6 2. d4 d5 3. Nd2 dxe4 4. Nxe4 Nd7 5. Ng5 Ngf6 6. Bd3 e6 7. N1f3 Bd6 8.
Qe2 h6 9. Ne4 Nxe4 10. Qxe4 Nf6 11. Qe2 Qc7 12. Bd2 b6 13. O-O-O Bb7 14. Ne5
O-O-O 15. f4 Kb8 16. Kb1 c5 17. dxc5 Bxc5 18. Rhf1 Rhe8 19. g4 Nd5 20. a3 f6 21.
Ng6 Rd6 22. h4 Red8 23. g5 Bxa3 24. bxa3 Nc3+ 25. Bxc3 Qxc3 26. Bb5 Rd2 27. Rxd2
Rxd2 28. Qc4 Rxc2 29. Qxc3 Rxc3 30. Kb2 Rc5 31. Bd3 hxg5 32. fxg5 fxg5 33. Rf8+
Kc7 34. Rf7+ Kb8 35. h5 g4 36. Nf4 e5 37. Ne6 Bd5 38. Rf8+ Rc8 39. Rxc8+ Kxc8
40. Nxg7 g3 41. Bf1 g2 42. Bxg2 Bxg2 43. Nf5 Be4 44. Nd6+ Kd7 45. Nxe4 Ke7 46.
Kc3 1-0

[Event "41st Olympiad Women 2014"]
[Site "Tromso NOR"]
[Date "2014.08.11"]
[Round "9.26"]
[Board "4"]
[White "Wafa, Shahenda"]
[Black "Skinke, Katrina"]
[Result "0-1"]
[WhiteTitle "WIM"]
[BlackTitle "WIM"]
[WhiteElo "1932"]
[BlackElo "2217"]
[WhiteTeam "Egypt"]
[BlackTeam "Latvia"]
[WhiteFideId "10609962"]
[BlackFideId "11602260"]
[EventDate "2014.08.02"]

1. e4 g6 2. d4 Bg7 3. Nc3 d6 4. f4 a6 5. Nf3 b5 6. a3 Nd7 7. Bd3 c5 8. dxc5 Nxc5
9. Be3 Bb7 10. Bd4 Nf6 11. e5 Ng4 12. exd6 Bxd4 13. Nxd4 Ne3 14. Qe2 Nxg2+ 15.
Kd2 Qxd6 16. Qe5 O-O-O 17. Qxd6 Rxd6 18. Nde2 Rhd8 19. Rad1 Nh4 20. Rhf1 Nxd3
21. cxd3 Nf3+ 22. Kc2 Nxh2 23. Rg1 Nf3 24. Rg3 Nh4 25. Rh3 Nf5 26. Re1 h5 27.
Nc1 Rf6 28. Kb1 Nd4 29. Rxe7 Rxf4 30. N3e2 Nxe2 31. Nxe2 Rf3 32. Rh1 Rd7 33.
Re8+ Kc7 34. d4 Kb6 35. Rd1 h4 36. Nc3 h3 37. d5 Rf5 38. Rh8 Bxd5 39. Nxd5+
Rfxd5 40. Rxd5 Rxd5 41. Rxh3 f5 42. Rg3 Rd6 43. Rg1 Kc5 44. Kc2 Kd4 45. Kd2 Ke4+
46. Ke2 f4 47. Rg4 Kf5 48. Rg1 g5 49. Rc1 Re6+ 50. Kf2 g4 51. Rc5+ Re5 52. Rc8
g3+ 53. Kg2 Re2+ 0-1

[Event "41st Olympiad Women 2014"]
[Site "Tromso NOR"]
[Date "2014.08.11"]
[Round "9.27"]
[Board "1"]
[White "Frayna, Janelle Mae"]
[Black "Gamboa Alvarado, Olga Leticia"]
[Result "1-0"]
[WhiteTitle "WFM"]
[BlackTitle "WFM"]
[WhiteElo "2205"]
[BlackElo "1899"]
[WhiteTeam "Philippines"]
[BlackTeam "Costa Rica"]
[WhiteFideId "5212499"]
[BlackFideId "6502270"]
[EventDate "2014.08.02"]

1. e4 d6 2. d4 Nf6 3. Nc3 g6 4. Be3 Bg7 5. Qd2 c6 6. Bh6 O-O 7. O-O-O b5 8. f3
a5 9. h4 a4 10. h5 Qc7 11. Bxg7 Kxg7 12. hxg6 fxg6 13. Qh6+ Kg8 14. e5 dxe5 15.
Ne4 Rf7 16. Ng5 Rg7 17. dxe5 Nd5 18. Nxh7 a3 19. Rxd5 axb2+ 20. Kb1 cxd5 21.
Nf6+ Kf7 22. Qxg7+ Kxg7 23. Ne8+ Kf7 24. Nxc7 Ra7 25. Nxb5 Rb7 26. Nd4 Bf5 27.
g4 1-0

[Event "41st Olympiad Women 2014"]
[Site "Tromso NOR"]
[Date "2014.08.11"]
[Round "9.27"]
[Board "2"]
[White "Rodriguez Arrieta, Maria Elena"]
[Black "Fronda, Jan Jodilyn"]
[Result "1/2-1/2"]
[WhiteTitle "WFM"]
[WhiteElo "1920"]
[BlackElo "2098"]
[WhiteTeam "Costa Rica"]
[BlackTeam "Philippines"]
[WhiteFideId "6502911"]
[BlackFideId "5204585"]
[EventDate "2014.08.02"]

1. e4 c5 2. Nf3 d6 3. d4 cxd4 4. Nxd4 Nf6 5. Nc3 g6 6. Be2 Bg7 7. Be3 Nc6 8. O-O
O-O 9. Qd2 Nxd4 10. Bxd4 Be6 11. Rfd1 a6 12. a4 Rc8 13. f3 Qc7 14. Rac1 Rfd8 15.
Nd5 Nxd5 16. Bxg7 Kxg7 17. exd5 Bd7 18. a5 Qc5+ 19. Kh1 b5 20. axb6 Qxb6 21. b3
a5 22. Ra1 Ra8 23. c4 Rdb8 24. Rdb1 Qb4 25. Qd4+ Kg8 26. Bd3 Qc5 27. Qb2 Rb4 28.
Qe2 Re8 29. Qa2 Reb8 30. Qxa5 Qxa5 31. Rxa5 Rxb3 32. Rxb3 Rxb3 33. Bf1 Bf5 34.
Kg1 h5 35. c5 dxc5 36. Rxc5 Bd3 37. Bxd3 Rxd3 38. Kf2 Rd2+ 39. Kg3 Kg7 40. Rc7
Kf6 41. Rd7 g5 42. h4 gxh4+ 43. Kh3 Rd4 44. Kh2 Rd1 45. Rd8 e6 46. d6 Kg7 47.
Rd7 e5 48. Rd8 Kf6 49. d7 Kg7 50. Re8 Rxd7 51. Rxe5 Kg6 52. Re4 Kg5 53. Re5+ f5
54. Re8 Rd1 55. Rg8+ Kf4 56. Ra8 Re1 57. Ra4+ Kg5 58. Ra8 Rf1 59. Rg8+ Kf4 60.
Ra8 Rd1 61. Ra4+ Kg5 62. Ra8 Re1 63. Rg8+ Kf4 64. Ra8 Rf1 65. Ra4+ Kg5 66. Ra8
h3 67. Kxh3 Rh1+ 68. Kg3 f4+ 69. Kf2 Rb1 70. Rg8+ Kh4 71. Rg7 Rb2+ 72. Kf1 Rb5
73. Kf2 Rc5 74. Rg8 1/2-1/2

[Event "41st Olympiad Women 2014"]
[Site "Tromso NOR"]
[Date "2014.08.11"]
[Round "9.27"]
[Board "3"]
[White "Perena, Catherine"]
[Black "Acevedo Mendez, Lisseth"]
[Result "1-0"]
[WhiteTitle "WIM"]
[WhiteElo "2165"]
[BlackElo "1846"]
[WhiteTeam "Philippines"]
[BlackTeam "Costa Rica"]
[WhiteFideId "5202744"]
[BlackFideId "6502938"]
[EventDate "2014.08.02"]

1. d4 e6 2. e3 f5 3. c4 Nf6 4. Nc3 Be7 5. Nf3 O-O 6. Bd3 d5 7. O-O c6 8. b3 Ne4
9. Bb2 Nd7 10. Ne2 Qe8 11. Ne5 Nxe5 12. dxe5 Qh5 13. Rc1 Nc5 14. Bb1 Rd8 15. Nd4
Qf7 16. Qe2 Na6 17. Rfd1 c5 18. Nb5 b6 19. a3 Bb7 20. f3 f4 21. exf4 Qxf4 22.
cxd5 exd5 23. Bd3 Re8 24. Re1 Qf7 25. Qc2 g6 26. e6 Qf4 27. Bxg6 Qh6 28. Bf7+
Kf8 29. Qf5 Qg5 30. Qxh7 Bf6 31. Bxe8 Qg7 32. Qxg7+ Bxg7 33. Bxg7+ 1-0

[Event "41st Olympiad Women 2014"]
[Site "Tromso NOR"]
[Date "2014.08.11"]
[Round "9.27"]
[Board "4"]
[White "Ramirez Gonzalez, Maria Jose"]
[Black "Bernales, Christy Lamiel"]
[Result "0-1"]
[WhiteElo "1764"]
[BlackElo "2055"]
[WhiteTeam "Costa Rica"]
[BlackTeam "Philippines"]
[WhiteFideId "6503349"]
[BlackFideId "5204534"]
[EventDate "2014.08.02"]

1. d4 Nf6 2. Nf3 g6 3. Bf4 Bg7 4. h3 d6 5. e3 O-O 6. Be2 Nbd7 7. O-O Re8 8. c4
Nh5 9. Bh2 e5 10. Nc3 f5 11. Rc1 f4 12. exf4 Nxf4 13. Bxf4 exf4 14. b4 c6 15.
Qb3 Nf8 16. Rfd1 Ne6 17. Bf1 Ng5 18. Ne2 Qf6 19. b5 Bf5 20. bxc6 bxc6 21. Nxg5
Qxg5 22. Qf3 Bh6 23. Nc3 Qf6 24. Bd3 Rac8 25. Bxf5 gxf5 26. d5 c5 27. Re1 Re5
28. Rxe5 dxe5 29. Rb1 Kh8 30. Nb5 a6 31. Na7 Rg8 32. Qa3 Qg7 0-1

[Event "41st Olympiad Women 2014"]
[Site "Tromso NOR"]
[Date "2014.08.11"]
[Round "9.28"]
[Board "2"]
[White "Exler, Veronika"]
[Black "Mendieta, Kathya"]
[Result "1-0"]
[WhiteTitle "WFM"]
[BlackTitle "WFM"]
[WhiteElo "2189"]
[BlackElo "1877"]
[WhiteTeam "Austria"]
[BlackTeam "Nicaragua"]
[WhiteFideId "1620550"]
[BlackFideId "6101496"]
[EventDate "2014.08.02"]

1. d4 Nf6 2. c4 g6 3. Nf3 Bg7 4. g3 d6 5. Bg2 O-O 6. O-O c5 7. dxc5 dxc5 8. Nc3
Nc6 9. Be3 Be6 10. Qa4 Qb6 11. Qb5 Nd7 12. Ng5 Nd4 13. Qxb6 Nxb6 14. Nxe6 Nxe6
15. Bxb7 Rab8 16. Bd5 Nd4 17. b3 Nc2 18. Rac1 Nxe3 19. fxe3 e6 20. Bf3 Bh6 21.
Kf2 a5 22. Ne4 Rfc8 23. Nd6 Rc7 24. Rfd1 a4 25. Nb5 Rcc8 26. Rd3 axb3 27. axb3
Bg7 28. Rc2 Na8 29. Nd6 Rf8 30. Ra2 Nc7 31. Ra7 Ne8 32. Nb7 Nf6 33. Nxc5 Rfc8
34. Na6 Rb6 35. c5 Rb5 36. c6 Nd5 37. Bxd5 exd5 38. c7 Be5 39. e4 d4 40. e3
dxe3+ 41. Kxe3 Bf6 42. b4 Kf8 43. Rd5 Rb6 44. b5 Ke8 45. Nb4 Be7 46. Nc6 1-0

[Event "41st Olympiad Women 2014"]
[Site "Tromso NOR"]
[Date "2014.08.11"]
[Round "9.28"]
[Board "3"]
[White "Granados, Maria"]
[Black "Novkovic, Julia"]
[Result "1/2-1/2"]
[WhiteTitle "WIM"]
[BlackTitle "WFM"]
[WhiteElo "1899"]
[BlackElo "2131"]
[WhiteTeam "Nicaragua"]
[BlackTeam "Austria"]
[WhiteFideId "6101488"]
[BlackFideId "12000086"]
[EventDate "2014.08.02"]

1. e4 e5 2. Nf3 Nc6 3. d4 exd4 4. Bc4 Nf6 5. O-O Nxe4 6. Re1 d5 7. Bxd5 Qxd5 8.
Nc3 Qa5 9. Rxe4+ Be6 10. Nxd4 O-O-O 11. Be3 Nxd4 12. Rxd4 Bc5 13. Qh5 Bb6 14.
Qxa5 Bxa5 15. Ne4 Rxd4 16. Bxd4 f6 17. c3 Bb6 18. Nc5 Bf7 19. b3 Rd8 20. Kf1 Rd5
21. b4 Rg5 22. a4 c6 23. Re1 Bxc5 24. Bxc5 a5 25. f3 Rd5 26. Re7 Rd7 27. Rxd7
Kxd7 28. Bb6 Kd6 29. Bxa5 Bb3 30. Bb6 Bxa4 31. Ke2 Kd5 32. Ke3 Bc2 33. Bd4 Bb1
34. Kd2 Kc4 35. Bc5 Kd5 36. Bd4 Ke6 37. Ke3 Kf5 38. Bc5 Ke5 39. Bd4+ Ke6 40. Bc5
Kd5 41. Bd4 Kc4 42. Kd2 Bd3 43. Ke3 Bf1 44. Kf2 Bd3 45. Ke3 Bg6 46. Ke2 Bf7 47.
Kd2 Kb5 48. Bc5 Bc4 1/2-1/2